000 00358nam a2200145Ia 4500
008 230917s9999||||xx |||||||||||||| ||und||
040 _e154826
_aMAIN
041 _aEnglish
082 _aB J334M:J
100 _aMahadevan, T K
245 0 _aJayaprakash Narayan
260 _aNew Delhi
_bAffiliated East-West Press
_c1975
300 _a143 p.
942 _cBK
999 _c185324
_d185324